Formal moduli of algebraic structures

Saved in:
書目詳細資料
主要作者: Laudal, Olav Arnfinn (Author)
格式: 圖書
語言:英语
出版: Berlín Springer-Verlag 1979
叢編:Lecture Notes in Mathematics, 754
主題:
標簽: 添加標簽
沒有標簽, 成為第一個標記此記錄!

MARC

LEADER 00000nam a2200000 a 4500
001 UCQ8810
003 CL-VaPUC
008 981217e19790000GW |||||||||||||||||eng|d
082 0 4 |a 512.4  |b LAU  |2 21 
100 0 |a Laudal, Olav Arnfinn  |e author  |9 423044 
245 1 0 |a Formal moduli of algebraic structures 
300 |a 161 p 
942 |c BK 
945 |d 19981217 00:00:00  |a crobeson 
260 |a Berlín  |b Springer-Verlag  |c 1979 
650 0 |a Módulos   |9 356144 
650 0 |a Estructuras algebraicas  |9 422373 
583 |a last modification  |c 19981217 00:00:00  |k Rodrigo Vera 
490 0 |a Lecture Notes in Mathematics, 754 
999 |c 277985  |d 277983 
952 |0 0  |1 0  |4 0  |6 512_400000000000000_LAU_1979  |7 0  |8 A  |9 316292  |a BIBMAT  |b BIBMAT  |d 2019-11-20  |i 1305212  |o 512.4 LAU 1979  |p 1305212  |r 2025-01-07  |w 2019-11-20  |y BK  |k MAT